Statistics for 西武線の行先

Click here to take the quiz!

General Stats

  • This quiz has been taken 745 times
  • The average score is 38 of 42

Answer Stats

HintAnswer% Correct
池袋線・西武秩父線池袋
100%
多摩湖線国分寺
99%
国分寺線国分寺
99%
新宿線西武新宿
99%
西武秩父
98%
所沢
98%
拝島
98%
所沢
98%
西武園
97%
豊島線豊島園
97%
飯能
97%
石神井公園
96%
本川越
95%
西武有楽町線小竹向原
95%
西武球場前
95%
元町・中華街
95%
西武球場前
95%
横浜
94%
新木場
93%
小手指
92%
多摩湖
91%
山口線多摩湖
91%
菊名
90%
多摩川線武蔵境
90%
是政
89%
保谷
88%
東急・横浜高速鉄道武蔵小杉
87%
田無
86%
三峰口
86%
狭山線西所沢
85%
西武園線東村山
84%
東村山
84%
清瀬
84%
拝島線小平
84%
元住吉
82%
秩父鉄道長瀞
81%
東京メトロ豊洲
80%
上石神井
80%
玉川上水
79%
新所沢
79%
吾野
78%
萩山
75%

Score Distribution

Percentile by Number Answered

Percent of People with Each Score

Your Score History

You have not taken this quiz